David Smith
Salvato in:
| Autore principale: | |
|---|---|
| Natura: | Libro |
| Lingua: | inglese |
| Pubblicazione: |
Londres
Phaidon Press Limited
2013
|
| Soggetti: | |
| Tags: |
Aggiungi Tag
Nessun Tag, puoi essere il primo ad aggiungerne!!
|
MARC
| LEADER | 00000cam a2200000 a 4500 | ||
|---|---|---|---|
| 001 | UCF7248 | ||
| 003 | CL-VaPUC | ||
| 008 | 130613e20130000UK |||||||||||||||||eng|d | ||
| 020 | |a 9780714861562 | ||
| 082 | 0 | 4 | |a 730.92 |b PAC |2 21 |
| 100 | 0 | |a Pachner, Joan |e author |9 569246 | |
| 245 | 1 | 0 | |a David Smith |
| 300 | |a 145 p | ||
| 942 | |c BK | ||
| 945 | |d 20130613 00:00:00 |a dcastane | ||
| 260 | |a Londres |b Phaidon Press Limited |c 2013 | ||
| 650 | 0 | |a Escultura |9 265737 | |
| 650 | 0 | |a Arte abstracto |9 265105 | |
| 650 | 7 | |a ESCULTORES ESTADOUNIDENSES |2 CL-VaPUC |9 428605 | |
| 650 | 0 | |a Biografías |9 255210 | |
| 583 | |a last modification |c 20130613 14:21:00 |k Rodrigo Vera | ||
| 999 | |c 352139 |d 352137 | ||
| 952 | |0 0 |1 0 |4 0 |6 730_920000000000000_PAC_2013 |7 0 |8 R |9 456691 |a BIBART |b BIBART |d 2019-11-22 |i 4980239 |l 1 |o 730.92 PAC 2013 |p 4980239 |r 2025-03-13 |s 2022-09-07 |w 2019-11-22 |y BK_R |k ART | ||